根据提示猜日本战国人物 ~Sengoku - Statistics

General Stats
  • This quiz has been taken 38 times
  • The average score is 16 of 40
Answer Stats
提示 答案 % Correct
日本战国三杰之一 第六天魔王 天下布武 包围网 织田信长
90%
幼名日吉丸 墨俣一夜城 中国大返还 上任关白 发动征朝战争 丰臣秀吉
83%
甲斐之虎 流放父亲 川中岛合战 殁于信浓驹场 武田信玄
80%
清洲同盟 小牧长久手之战 关原合战统领东军 征夷大将军 德川家康
80%
美浓出身 织田四天王之一 平定丹波 发动本能寺之变 明智光秀
77%
越后之龙 川中岛合战 关东管领 死后爆发御馆之乱 上杉谦信
73%
花仓之乱夺取继承权 东海道第一弓取 死于桶狭间之战 今川义元
67%
幼名佐吉 五奉行之一 关原合战统领西军 战后被斩于六条河原 石田三成
60%
丰臣五大老之一 关原合战西军总大将 毛利元就之孙 毛利辉元
57%
商人小西隆佐之子 切支丹 征朝主力 关原合战隶属西军 小西行长
53%
幼名梵天丸 右眼失明 消灭芦名氏和二阶堂氏 仙台藩主 伊达政宗
53%
土佐七雄之一 姬若子 统一四国 四子参与大坂之役 长宗我部元亲
50%
原名伊势新九郎 夺取伊豆相模 后北条奠基人 北条早云
47%
生母为丰臣秀吉之姊日秀 继承关白 1595年流放高野山切腹 丰臣秀次
47%
辅佐其兄其父统一九州 征朝部队主力军 鬼石曼子 岛津义弘
47%
北条家四代当主 协助其弟参与御馆之乱 小田原征伐战投降切腹 北条氏政
43%
父为丰臣两兵卫之一 早年因荒木叛乱差点殒命 福冈藩初代藩主 黑田长政
43%
丰臣五大老之一 征朝总大将 关原合战后被流放八丈岛 宇喜多秀家
40%
毛利两川之一 严岛合战击败陶晴贤的水军 养子为小早川秀秋 小早川隆景
40%
真田安房守次子 大谷吉继女婿 丰臣秀吉近侍 大坂七将星之一 真田信繁
37%
天下两大陪臣之一 上杉景胜近臣 “爱”字头盔 关原合战隶属西军 直江兼续
37%
父为浅井长政 母为织田市(织田信长之妹) 儿子丰臣秀赖 浅井茶茶
37%
征夷大将军 向冢原卜传学习剑术 死于永禄之变 足利义辉
33%
织田四天王之一 主导安土城的修建 长男为陆奥白河藩藩主 丹羽长秀
30%
山内上杉氏当主 原关东管领 养子上杉谦信 组织河越合战溃败 上杉宪政
30%
云州之狼 阴阳一太守 与大内氏多次交战 嫡孙名为晴久 尼子经久
30%
今川家军师 今川义元老师 主导甲相骏三国同盟的缔结 太原雪斋
27%
本愿寺法主 领导多次一向一揆 组织信长包围网 本愿寺显如
27%
丰臣秀吉家臣 原名小六 参与四国征伐获赐阿波国 蜂须贺正胜
23%
原名敏景 下克上“始作俑者” 制定十七条家训 朝仓孝景
20%
浅井家勇将 近江佐和山城城主 养子为津田信澄(织田信长之侄) 矶野员昌
17%
备中高松城城主 1582年据城遭织田军水攻 最终舍命保城而切腹 清水宗治
17%
三好义贤之子 十河一存养子 死于四国征伐 十河存保
17%
淀殿乳母大藏卿局之子 其弟为大坂七将星之一 丰臣秀赖亲信 大野治长
13%
织田信长末弟 利休七哲之一 晚年作为茶人隐居 织田长益
13%
信浓诹访氏 女儿诹访御料人 外孙武田胜赖 诹访赖重
10%
摄津三守护之一 有冈城城主 臣服织田信长 后因叛变逃亡 荒木村重
10%
虾夷国大名 从属主家安藤氏后独立 子为松前藩主蛎崎庆广 蛎崎季广
7%
古河公方四代当主 北条氏纲的女婿 儿子足利义氏 足利晴氏
3%
细川政元养子 京都内斗支持足利义稙并建立政权 后再乱死于天王寺 细川高国
3%
No matching quizzes found
Score Distribution
Percent of People with Each Score
Percentile by Number Answered
Your Score History
You have not taken this quiz